[Event "13th Dubai Open"]
[Site "Dubai UAE"]
[Date "2011.04.11"]
[Round "2"]
[White "Zozulia,A"]
[Black "Mamedov,Nid"]
[Result "0-1"]
[WhiteElo "2369"]
[BlackElo "2583"]

1.e4 c5 2.Nf3 e6 3.d4 cxd4 4.Nxd4 a6 5.Bd3 Bc5 6.Nb3 Be7 7.O-O d6 8.f4 Nd7
9.Qf3 Ngf6 10.Nc3 Qc7 11.Bd2 b6 12.Rae1 Bb7 13.Kh1 g6 14.Nd1 O-O 15.Qh3 Rfe8
16.Nf2 Bf8 17.Ng4 Nxg4 18.Qxg4 Bg7 19.c3 Rad8 20.Qh4 Nc5 21.Bb1 Nxb3 22.axb3 d5
23.f5 dxe4 24.fxg6 hxg6 25.Bg5 Rd7 26.Bxe4 Bxe4 27.Rxe4 Qc6 28.h3 Rd5 29.Bf6 Rh5
30.Qg4 e5 31.Rc4 Qb5 32.Qe4 Qxb3 33.Bxg7 Kxg7 34.Rxf7+ Kxf7 35.Qd5+ Kf8 36.Qd6+ Kg7
37.Rc7+ Qf7 38.Rxf7+ Kxf7 39.Qd5+ Re6 40.g4 Rxh3+ 41.Kg2 Rh8 42.Kf3 a5 43.Ke4 Re8
44.g5 Re7 45.Qd8 Kg7 46.Qd5 Kh7 47.Qd8 Rf7 48.Qc8 Ree7 49.Qh3+ Kg8 50.Qc8+ Kg7
51.Qh3 Kg8 52.Qc8+ Kg7 53.Qc6 Rd7 54.Ke3 Kh7 55.Qxb6 Rf8 56.Qxa5 e4 57.Qa2  0-1

[Event "60th ch-BUL w Final"]
[Site "Bankya BUL"]
[Date "2011.04.15"]
[Round "5.3"]
[White "Videnova,I"]
[Black "Todorova,K"]
[Result "1-0"]
[WhiteElo "2304"]
[BlackElo "1830"]

1.e4 c5 2.Nf3 e6 3.d4 cxd4 4.Nxd4 a6 5.Bd3 Qc7 6.O-O Nc6 7.Nxc6 bxc6 8.c4 Nf6
9.Nc3 Be7 10.f4 e5 11.Kh1 d6 12.Na4 Qa7 13.Qe1 Ng4 14.h3 h5 15.c5 Nf6 16.fxe5 dxe5
17.Qc3 Qc7 18.Nb6 Rb8 19.Nxc8 Rxc8 20.Bxa6 Rd8 21.Bd3 Bxc5 22.Bg5 Be7 23.Rf5 Qd6
24.Bc2 Nd7 25.Rd1 Qg6 26.Bxe7 Kxe7 27.Bb3 Rhf8 28.Rxe5+ Nxe5 29.Qxe5+  1-0

[Event "Doeberl Cup Premier"]
[Site "Canberra AUS"]
[Date "2011.04.21"]
[Round "1.18"]
[White "Ikeda,J"]
[Black "Abrahams,Daniel"]
[Result "1/2-1/2"]
[WhiteElo "2296"]
[BlackElo "1954"]

1.e4 c5 2.Nf3 e6 3.d4 cxd4 4.Nxd4 a6 5.Bd3 Bc5 6.Nb3 Be7 7.c4 d6 8.Nc3 Nf6
9.Be3 b6 10.f4 Nc6 11.a3 Bb7 12.Rc1 O-O 13.O-O Rc8 14.Nd2 Nd7 15.b4 Qc7 16.Nd5 exd5
17.cxd5 b5 18.dxc6 Bxc6 19.Nb3 Qb8 20.Nd4 Qb7 21.Nf5 Rfe8 22.Bd4 f6 23.Rf3 Bf8
24.Qe2 Kh8 25.Rh3 Bxe4 26.Rxc8 Qxc8 27.Re3 Bxd3 28.Qxd3 g6 29.Rxe8 Qxe8 30.Ne3 Bg7
31.Kf2 Qe6 32.Qc2 Nf8 33.Qc3 h5 34.g3 Kh7 35.Kg1  1/2-1/2

[Event "Norsk Open A"]
[Site "Fagernes NOR"]
[Date "2011.04.23"]
[Round "8"]
[White "Kasparov,S"]
[Black "Miezis,N"]
[Result "1/2-1/2"]
[WhiteElo "2473"]
[BlackElo "2555"]

1.e4 c5 2.Nf3 e6 3.d4 cxd4 4.Nxd4 a6 5.Bd3 Nc6 6.Nxc6 dxc6 7.Nd2 Qc7 8.O-O e5
9.Nc4 b5 10.Ne3 Nf6 11.a4 Rb8 12.Qf3 Nd7 13.axb5 axb5 14.Nf5 g6 15.Nh6 f6
16.h4 Bg7 17.Be3 c5 18.b3 Nf8 19.Ng4 Ne6 20.h5 O-O 21.hxg6 hxg6 22.Qh3 Rf7
23.Nh6+ Bxh6 24.Qxh6 Nf8 25.Qh4 g5 26.Qg3 Ne6 27.Be2 Rh7 28.Bg4 Nd4 29.Bxd4 cxd4
30.Bxc8 Rxc8 31.Ra6 Rh6 32.Qg4 Re8 33.Qf5 Kg7 34.Rfa1 Reh8 35.f3 Rh1+ 36.Kf2 Qxc2+
37.Kg3 R8h3+ 38.Qxh3 Rxh3+ 39.gxh3 Qc3 40.Ra8 Kg6 41.R1a7 Qxb3 42.Rb8 Qe3
43.Rg8+  1/2-1/2

[Event "Lenk Open"]
[Site "Lenk SUI"]
[Date "2011.04.23"]
[Round "3"]
[White "Sokolov,And1"]
[Black "Erdelyi,T"]
[Result "1/2-1/2"]
[WhiteElo "2575"]
[BlackElo "2157"]

1.e4 c5 2.Nf3 e6 3.d4 cxd4 4.Nxd4 a6 5.Bd3 Bc5 6.Nb3 Be7 7.O-O d6 8.c4 Nd7
9.Nc3 Ngf6 10.f4 b6 11.Qe2 Qc7 12.Bd2 Bb7 13.Rae1 h5 14.Nd1 g6 15.Bc3 Rg8
16.Nd2 g5 17.Ne3 gxf4 18.Rxf4 Ne5 19.Ref1 Rg6 20.b4 O-O-O 21.Bc2 Rdg8 22.a3 Nfd7  1/2-1/2

[Event "Joao Braga Open"]
[Site "Sao Paolo BRA"]
[Date "2011.04.23"]
[Round "6.7"]
[White "Coutinho,S"]
[Black "Rocha,W"]
[Result "0-1"]
[WhiteElo "2079"]
[BlackElo "2417"]

1.e4 c5 2.Nf3 e6 3.d4 cxd4 4.Nxd4 a6 5.Bd3 Qc7 6.O-O Nf6 7.c4 Bd6 8.h3 Nc6
9.Nxc6 dxc6 10.Bg5 Nd7 11.Qe2 Nc5 12.Bc2 e5 13.Re1 a5 14.Nd2 O-O 15.Rad1 Ne6
16.Be3 Bc5 17.Bxc5 Nxc5 18.f4 Ne6 19.fxe5 Qb6+ 20.Kh1 Qxb2 21.Nf3 Qxa2 22.Qd3 b5
23.cxb5 cxb5 24.Bb3 Qb2 25.Bxe6 Bxe6 26.Rb1 Qf2 27.Rxb5 Rfd8 28.Qa3 Rd2 29.Rg1 Ra2
30.Qd3 Qg3 31.Qf1 Rf2 32.Qb1 h6 33.Rb2 Rxf3 34.gxf3 Qxh3+ 35.Rh2 Qxf3+ 36.Rhg2 Bh3
37.Kh2 Bxg2 38.Rxg2 Qh5+ 39.Kg1 Rd8 40.Qc2 Qd1+ 41.Kh2 Qxc2 42.Rxc2 a4 43.Kg3 a3
44.Ra2 Ra8 45.Kf4 Kf8  0-1

[Event "Joao Braga Open"]
[Site "Sao Paolo BRA"]
[Date "2011.04.23"]
[Round "6.22"]
[White "Reis,Renan do Carmo"]
[Black "Chaves,Jor"]
[Result "1-0"]
[WhiteElo "2227"]
[BlackElo "2009"]

1.e4 c5 2.Nf3 e6 3.d4 cxd4 4.Nxd4 a6 5.Bd3 Nf6 6.O-O Qc7 7.c4 Be7 8.Nc3 d6
9.Be3 Nc6 10.Rc1 O-O 11.f4 Re8 12.Kh1 Nxd4 13.Bxd4 e5 14.Nd5 Nxd5 15.cxd5 Qb8
16.fxe5 dxe5 17.Qh5 Bf6 18.Bc5 Bd7 19.Rxf6 gxf6 20.Rf1 Qd8 21.Rf3 Kh8 22.Qxf7 Rc8
23.b4 b6 24.Rxf6 Rg8 25.Rxb6 Rg7 26.Qf6 Qxf6 27.Rxf6 a5 28.Ba6 Rcg8 29.Rf2 axb4
30.Bxb4 Bh3 31.Bf1 Bd7 32.Bd6 Re8 33.Be2 Bg4 34.Bb5 Bd7 35.Be2 Bg4 36.Bd3 Kg8
37.h3 Bd7 38.Be2 Rg6 39.Bb4 Rb6 40.a3 Rc8 41.Bd3 Kg7 42.Kh2 Rf6 43.Rb2 Rf7
44.Bd6 Re8 45.Be2 Kg6 46.Rb7 Rf2 47.Bf3 Bc8 48.Rc7 h5 49.Kg3 Ra2 50.Kh4 Kh6
51.Bxh5 Rg8 52.g4 Bxg4 53.Bxg4  1-0

[Event "Doeberl Cup Premier"]
[Site "Canberra AUS"]
[Date "2011.04.24"]
[Round "7.5"]
[White "Goh Weiming"]
[Black "Cheng,Bo"]
[Result "1/2-1/2"]
[WhiteElo "2382"]
[BlackElo "2345"]

1.e4 c5 2.Nf3 e6 3.d4 cxd4 4.Nxd4 a6 5.Bd3 g6 6.O-O Bg7 7.Nb3 Ne7 8.c4 O-O
9.Nc3 d5 10.exd5 exd5 11.c5 Nbc6 12.Re1 Be6 13.Bf4 d4 14.Ne4 h6 15.Qd2 Kh7
16.Ng3 Nd5 17.Bd6 Re8 18.Rad1 Nb6 19.Nh5 Bh8 20.Qf4 Nd5 21.Qf3 Qd7 22.Nf4 Nxf4
23.Qxf4 Bd5 24.Rxe8 Rxe8 25.h4 h5 26.Nd2 Qe6 27.Nf3 Bxf3 28.Qxf3 Qxa2 29.Qxh5+ Kg7
30.Qf3 Ne5 31.Qe4 Kg8 32.f4 Qa4 33.Bc2 Nc4 34.Qxg6+ fxg6 35.Bxa4 Nxd6 36.cxd6 Rd8
37.d7 Kf8 38.Bc2 Rxd7 39.Bxg6 Re7 40.Kf2 Re3 41.Rd3 Bf6 42.g3 b5 43.b3 Re7
44.Kf3 a5 45.Be4 Rc7 46.Kg4 a4 47.bxa4 bxa4 48.Ra3 Rc4 49.Bd5 Rc3 50.Rxa4 d3
51.Ra2 Bd4 52.Kf5 Be3 53.Bf3 d2 54.Ra1 Bf2 55.Kg4 Rc1 56.Ra2 Rg1 57.Rxd2 Rxg3+
58.Kf5 Rxf3  1/2-1/2

[Event "15th Neckar Open"]
[Site "Deizisau GER"]
[Date "2011.04.24"]
[Round "6"]
[White "Kurmann,O"]
[Black "Gajewski,G"]
[Result "0-1"]
[WhiteElo "2446"]
[BlackElo "2567"]

1.e4 c5 2.Nf3 e6 3.d4 cxd4 4.Nxd4 a6 5.Bd3 Bc5 6.Nb3 Be7 7.Qg4 g6 8.Qe2 d6
9.O-O Nc6 10.Na3 Qc7 11.Bd2 Nf6 12.Bh6 Ne5 13.h3 Bf8 14.Qd2 b5 15.Bxf8 Kxf8
16.f4 Nxd3 17.cxd3 Kg7 18.Rac1 Qb6+ 19.Qf2 Qxf2+ 20.Rxf2 Bd7 21.Rfc2 Nh5
22.Rc7 Rhd8 23.Rf1 Rac8 24.Rb7 e5 25.Rb6 Nxf4 26.Rxd6 Be6 27.Rxd8 Rxd8 28.Nc5 Bxa2
29.Ra1 Be6 30.Nc2 Nxd3 31.Nxe6+ fxe6 32.Rxa6 Nf4 33.Ra7+ Kf6 34.Rxh7 Nxg2
35.Na3 Rd2 36.Nxb5 Kg5 37.Nd6 Ne3 38.Nf7+ Kf4 39.Rg7 Rg2+ 40.Kh1 g5 41.Nd6 Rd2  0-1

[Event "Doeberl Cup Premier"]
[Site "Canberra AUS"]
[Date "2011.04.25"]
[Round "9.30"]
[White "Milligan,H"]
[Black "Abrahams,Daniel"]
[Result "1/2-1/2"]
[WhiteElo "2023"]
[BlackElo "1954"]

1.e4 c5 2.Nf3 e6 3.d4 cxd4 4.Nxd4 a6 5.Bd3 Bc5 6.Nb3 Be7 7.Nc3 d6 8.Be3 Nf6
9.O-O O-O 10.f4 Qc7 11.Qf3 b6 12.Rae1 Bb7 13.Qh3 g6 14.f5 Nbd7 15.Bh6 Rfe8
16.fxe6 Ne5 17.exf7+ Nxf7 18.Be3 Ne5 19.Nd5 Nxd5 20.exd5 Bxd5 21.Bd4 Bf8
22.Qg3 Bg7 23.Qf4 b5 24.Be4 Bxe4  1/2-1/2

[Event "ch-RUS Rapid Women"]
[Site "Olginka RUS"]
[Date "2011.04.25"]
[Round "3"]
[White "Ambartsumova,K"]
[Black "Kabanova,E"]
[Result "1-0"]
[WhiteElo "2308"]
[BlackElo "2190"]

1.e4 c5 2.Nf3 e6 3.d4 cxd4 4.Nxd4 a6 5.Bd3 Qc7 6.O-O d6 7.c4 Nd7 8.Nc3 Ngf6
9.Qe2 Be7 10.Bd2 O-O 11.f4 b6 12.Rae1 Bb7 13.Kh1 Nc5 14.Bb1 Kh8 15.e5 Ne8
16.Qh5 g6 17.Qh6 Rg8 18.Re3 Rg7 19.Nce2 Nd7 20.exd6 Nxd6 21.Bc3 Bf6 22.b3 Re8
23.Rd1 Qb8 24.Ng3 Qa8 25.Rd2 Qb8 26.Re1 Reg8 27.Red1 Nc5 28.Nc6 Bxc3 29.Nxb8 Bxd2
30.Rxd2 Nf5 31.Bxf5 exf5 32.Nd7 Rd8 33.Qh4 Ne6 34.Qf6 Bc6 35.Qe7 h5 36.Rd6 Bxd7
37.Rxd7 Rc8 38.Qf6 Kg8 39.Ne2 b5 40.Nd4 Re8 41.Nxe6 Rxe6 42.Qd8+ Kh7 43.Kg1 bxc4
44.bxc4 Re4 45.c5 Rxf4 46.Qh8+  1-0

[Event "Karlovy Vary Open"]
[Site "Karlovy Vary CZE"]
[Date "2011.04.29"]
[Round "2.5"]
[White "Amato,G"]
[Black "Drozdowski,K"]
[Result "0-1"]
[WhiteElo "1987"]
[BlackElo "2291"]

1.e4 c5 2.Nf3 e6 3.d4 cxd4 4.Nxd4 a6 5.Bd3 Nf6 6.O-O d6 7.Qe2 Nbd7 8.c4 g6
9.Nc3 Bg7 10.Bc2 O-O 11.Rd1 Qc7 12.Bg5 b6 13.Rac1 Bb7 14.Bb1 Rac8 15.b3 Qb8
16.Bh4 Rfe8 17.Qd2 Rc5 18.Nf3 d5 19.Bg3 Qa8 20.cxd5 exd5 21.exd5 Nxd5 22.Ne4 Rxc1
23.Rxc1 Rd8 24.Nd6 Nc5 25.Ng5 Rd7 26.h4 Nf6 27.f3 Qf8 28.Re1 h6 29.b4 hxg5
30.bxc5 bxc5 31.hxg5 Nh5 32.Bh2 Bd4+ 33.Kh1 Rxd6 34.Bxd6 Qxd6 35.Re8+ Kg7  0-1

[Event "2nd Lille Open"]
[Site "Lille FRA"]
[Date "2011.04.29"]
[Round "6.8"]
[White "Wirig,A"]
[Black "Manolache,M"]
[Result "0-1"]
[WhiteElo "2480"]
[BlackElo "2546"]

1.e4 c5 2.Nf3 e6 3.d4 cxd4 4.Nxd4 a6 5.Bd3 Bc5 6.Nb3 Be7 7.Qg4 g6 8.Qe2 d6
9.O-O Nc6 10.a4 Ne5 11.a5 Nf6 12.Bh6 Nfg4 13.Bd2 Bd7 14.f4 Nxd3 15.Qxg4 e5
16.f5 Nxb2 17.Nc3 h5 18.Qf3 gxf5 19.Nd5 f4 20.Bxf4 Be6 21.Qc3 Bxd5 22.exd5 Rg8
23.Bc1 Rc8 24.Qxb2 Qc7 25.Ra4 b5 26.Re4 Qxc2 27.Qxc2 Rxc2 28.Rf2 Rc3 29.Re3 Rc4
30.Bd2 h4 31.Rc3 Rgg4 32.h3 Rxc3 33.Bxc3 Rc4 34.Be1 Kf8 35.Kf1 Kg7 36.Ke2 Kg6
37.Rf3 Bg5 38.Rc3 Kf5 39.Rxc4 bxc4 40.Na1 Ke4 41.Nc2 Bd8 42.Ne3 f5 43.Bb4 Bg5
44.Nxc4 Kxd5 45.Nb6+ Kc6 46.Nc8 Kd7 47.Nb6+ Kc6 48.Bc3 Bf6 49.Nc4 Kd5 50.Nb2 Bd8
51.Nd3 Kc4 52.Be1 e4 53.Nf4 d5 54.Ne6 Bf6 55.Nc7 d4 56.Bd2 e3 57.Nxa6 d3+
58.Kxe3 Bg5+ 59.Kf3 Bxd2 60.Nc7  0-1

[Event "Sydney International Open"]
[Site "Sydney AUS"]
[Date "2011.04.29"]
[Round "5.24"]
[White "Skulte,Christopher"]
[Black "Cabilin,J"]
[Result "1/2-1/2"]
[WhiteElo "1922"]
[BlackElo "1994"]

1.e4 c5 2.Nf3 e6 3.d4 cxd4 4.Nxd4 a6 5.Bd3 Qc7 6.O-O Nf6 7.c4 Nc6 8.Nxc6 dxc6
9.Nc3 e5 10.Bg5 Be7 11.Qe2 O-O 12.Rac1 h6 13.Bd2 Bg4 14.f3 Bc5+ 15.Be3 Qb6
16.Bxc5 Qxc5+ 17.Qf2 Qxf2+ 18.Kxf2  1/2-1/2

[Event "TCh-HUN 2010-11"]
[Site "Budapest HUN"]
[Date "2011.04.30"]
[Round "11"]
[White "Szabo,Zso2"]
[Black "Balogh,C"]
[Result "0-1"]
[WhiteElo "2433"]
[BlackElo "2608"]

1.e4 c5 2.Nf3 e6 3.d4 cxd4 4.Nxd4 a6 5.Bd3 Bc5 6.Nb3 Be7 7.Qg4 g6 8.Qe2 d6
9.f4 Nf6 10.N1d2 Nc6 11.a3 e5 12.Nf3 Be6 13.Bc4 Bxc4 14.Qxc4 Rc8 15.Qe2 Na5
16.fxe5 Nxb3 17.cxb3 dxe5 18.b4 Qb6 19.Nxe5 O-O 20.Nf3 Nxe4 21.Be3 Qc6 22.O-O Qc2
23.Rae1 f5 24.Nd4 Qxe2 25.Rxe2 Bf6 26.Nb3 Rfe8 27.Bd4 Bxd4+ 28.Nxd4 Red8
29.Nf3 h5 30.g3 Kg7 31.Rfe1 Rd3 32.Re3 Rxe3 33.Rxe3 Kf6 34.Re2 g5 35.Kg2 g4
36.Ne1 Rd8 37.Kf1 Rd1 38.Rc2 h4 39.gxh4 f4 40.Ke2 Rd7 41.Nd3 Kf5 42.Rc8 f3+
43.Ke3 Re7 44.Kd4 b6 45.Rg8 Re6 46.Rf8+ Nf6 47.Ra8 Re4+ 48.Kc3 Re2  0-1

[Event "7th WSCC U17 Open"]
[Site "Krakow POL"]
[Date "2011.04.30"]
[Round "1.3"]
[White "Emiroglu,C"]
[Black "Maksimenko,Andrei Jr"]
[Result "1-0"]
[WhiteElo "2181"]
[BlackElo "1820"]

1.e4 c5 2.Nf3 e6 3.d4 cxd4 4.Nxd4 a6 5.Bd3 Bc5 6.Nb3 Be7 7.c4 d6 8.Nc3 Nf6
9.O-O b6 10.Qe2 Bb7 11.f4 Nc6 12.Be3 Nd7 13.Rfd1 Qc7 14.Rac1 Rc8 15.Nd5 Qd8
16.Nxe7 Qxe7 17.Bb1 Nc5 18.Nxc5 bxc5 19.Qd2 Rd8 20.e5 dxe5 21.Qf2 Qf6 22.Rxd8+ Nxd8
23.fxe5 Qxf2+ 24.Bxf2 Nc6 25.Be4 Na5 26.Bb1 Nc6 27.Re1 O-O 28.Bxc5 Rd8 29.Be4 Rd2
30.b4 Rxa2 31.Rd1 g6 32.Bxc6 Bxc6 33.Rd8+  1-0

[Event "1st Memorial Petro Zadoretsky"]
[Site "Stryi UKR"]
[Date "2011.04.30"]
[Round "3"]
[White "Dykun,O"]
[Black "Shkuran,D"]
[Result "0-1"]
[WhiteElo "2068"]
[BlackElo "2371"]

1.e4 c5 2.Nf3 e6 3.d4 cxd4 4.Nxd4 a6 5.Bd3 Bc5 6.c3 Nc6 7.Nxc6 bxc6 8.Qg4 Qf6
9.O-O e5 10.Be3 Bxe3 11.fxe3 Qh6 12.Qg3 d6 13.Bc4 Nf6 14.Nd2 O-O 15.Rf2 d5
16.exd5 cxd5 17.Raf1 Nh5 18.Qxe5 dxc4 19.Rxf7 Be6 20.Re7 Rfe8 21.Rxe8+ Rxe8
22.Nxc4 Bf7 23.Qc5 Bxc4 24.Qxc4+ Qe6 25.Qxe6+ Rxe6 26.Rf3 Rd6 27.h3 Nf6 28.Rf2 Kf7
29.Rc2 Ne4 30.Kf1 Ke6 31.c4 Rd2 32.Rxd2 Nxd2+ 33.Ke2 Nxc4 34.b3 Nd6 35.Kd3 Kd5
36.b4 h5 37.g3 Ne4 38.g4 h4 39.a4 Nf2+ 40.Ke2 Nxh3 41.Kf3 g5 42.b5 axb5 43.e4+ Ke5  0-1

[Event "TCh-HUN 2010-11"]
[Site "Budapest HUN"]
[Date "2011.05.01"]
[Round "10"]
[White "Varga,Zo"]
[Black "Balogh,C"]
[Result "1/2-1/2"]
[WhiteElo "2449"]
[BlackElo "2608"]

1.e4 c5 2.Nf3 e6 3.d4 cxd4 4.Nxd4 a6 5.Bd3 Bc5 6.Nb3 Be7 7.Be3 d6 8.c4 b6
9.O-O Nf6 10.a4 Nc6 11.a5 bxa5 12.Nxa5 Nxa5 13.Qa4+ Nd7 14.Qxa5 Qxa5 15.Rxa5 Rb8
16.Ra2 Bf6 17.Nc3 Nc5 18.Bc2 Ke7 19.f4 Bxc3 20.bxc3 Nd7 21.Rd1 e5 22.c5 dxc5
23.fxe5 Ke6 24.Ba4 Nxe5 25.Bxc5 f6 26.h3 Kf7 27.Bd6 Rb6 28.Bc7 Rb7 29.Bxe5 fxe5
30.Rf2+ Kg6 31.Rd6+ Kg5 32.Kh2 Rc7 33.Rf3 g6 34.Bc6  1/2-1/2

[Event "Ostravsky Konik A"]
[Site "Ostrava CZE"]
[Date "2011.05.01"]
[Round "2.1"]
[White "Olsar,J"]
[Black "Mirumian,V"]
[Result "0-1"]
[WhiteElo "2262"]
[BlackElo "2513"]

1.e4 c5 2.Nf3 e6 3.d4 cxd4 4.Nxd4 a6 5.Bd3 Qb6 6.Nb3 d6 7.O-O Nf6 8.Nc3 Nbd7
9.Qe2 Qc7 10.Bg5 Be7 11.Rae1 h6 12.Bd2 Ne5 13.f4 Nxd3 14.cxd3 O-O 15.e5 Nh7
16.d4 b6 17.Qh5 Bb7 18.Re3 Rad8 19.Rg3 Kh8 20.Qg4 Rg8 21.f5 exf5 22.Qxf5 dxe5
23.dxe5 Bh4 24.Re3 Rge8 25.Re2 Re7 26.Kh1 b5 27.Be1 Bxe1 28.Rfxe1 Ng5 29.h4 Ne6
30.Ne4 Qc4 31.Qf2 Ba8 32.Nd6 Qg4 33.Nf5 Nf4 34.Ne3 Qh3+ 35.Kg1 Nxe2+ 36.Rxe2 Qe6
37.Nf5 Ree8 38.Nbd4 Qg6 39.Nd6 Rf8 40.N4f5 Bd5 41.Re3 Qh5 42.Qf4 Be6 43.Rg3 Bxf5
44.Nxf5 Rg8 45.Ne7 Qd1+ 46.Kh2 Rd4 47.Qxf7 Rxh4+ 48.Rh3 Rxh3+ 49.Kxh3 Rd8
50.Ng6+ Kh7 51.Nf8+ Rxf8 52.Qxf8 Qh5+ 53.Kg3 Qxe5+ 54.Kh3 Qe6+ 55.Kh2 Qxa2
56.Qf5+ Kg8 57.Qc8+ Kf7 58.Qb7+ Kf6 59.Qf3+ Ke6 60.Qg4+ Kf7 61.Qd7+ Kf6 62.Qd4+ Kg6
63.Qg4+ Kh7 64.Qf5+ Kh8 65.Qc8+ Kh7 66.Qf5+ g6 67.Qd7+ Kh8 68.Qd4+ Kg8 69.Qd8+ Kf7
70.Qd7+ Kf6 71.Qd4+ Ke6 72.Qe4+ Kd6 73.Qb4+  0-1

[Event "Ostravsky Konik A"]
[Site "Ostrava CZE"]
[Date "2011.05.02"]
[Round "3.36"]
[White "Blahynka,M"]
[Black "Bacak Ml.,P"]
[Result "1/2-1/2"]
[WhiteElo "1957"]
[BlackElo "2077"]

1.e4 c5 2.Nf3 e6 3.d4 cxd4 4.Nxd4 a6 5.Bd3 Qc7 6.O-O Nc6 7.Nxc6 dxc6 8.Nd2 Nf6
9.a4 e5 10.Nc4 Be6 11.Qe2 Bc5 12.Bd2 Nd7 13.Kh1 O-O 14.b4 b5 15.Ne3 Be7 16.Nf5 Bf6
17.Ra3 Nb6 18.a5 Nc4 19.Bxc4 Bxc4 20.Qh5 g6 21.Qh6 Bh8 22.Re1 f6 23.Ne3 Be6
24.Bc3 Rad8 25.Raa1 Rf7 26.Qh4 Bg7 27.f3 Qe7 28.Red1 Rff8 29.Qf2 Rxd1+ 30.Rxd1 Rd8
31.Rxd8+ Qxd8 32.Kg1 Bf8 33.Qd2 Qc7 34.Bb2 Kf7 35.Kf2 h5 36.g3 Bh6 37.Qc3 Qd6
38.Ke2 Ke7 39.Bc1 Kd7 40.Qd3 Qd4 41.c3 Qxd3+ 42.Kxd3 Bb3 43.Bd2 Ke6 44.Ke2 f5
45.Nd1 Bf8 46.Nf2 Bc4+ 47.Ke1 c5 48.Nh3 fxe4 49.fxe4 cxb4 50.cxb4 Be7 51.Ng5+ Kd7
52.Kf2 Bb3 53.Kf3 Bd1+ 54.Kf2 Bc2  1/2-1/2

[Event "ch-UKR semi-final"]
[Site "Alushta UKR"]
[Date "2011.05.03"]
[Round "1.29"]
[White "Solovyev,A"]
[Black "Budnikov,O"]
[Result "1-0"]
[WhiteElo "2120"]
[BlackElo "2435"]

1.e4 c5 2.Nf3 e6 3.d4 cxd4 4.Nxd4 a6 5.Bd3 Bc5 6.Nb3 Be7 7.O-O d6 8.Be3 Nf6
9.a4 O-O 10.a5 Nc6 11.Nc3 d5 12.Bb6 Qd7 13.Re1 d4 14.Nxd4 Nxd4 15.e5 Nc6
16.exf6 Bxf6 17.Qh5 g6 18.Qf3 Bg7 19.Ne4 f5 20.Nc5 Qf7 21.Qf4 Bxb2 22.Rad1 Bc3
23.Rxe6 Bxe6 24.Nxe6 Be5 25.Qa4 Rfe8 26.Ng5 Qf6 27.Bc4+ Kg7 28.Nf3 Bc3 29.Bd5 Rac8
30.h4 Re7 31.Rd3 Rd7 32.g3 h6 33.Kg2 Rf8 34.Qa3 f4 35.g4 Bb4 36.Bxc6 Rxd3
37.Qxb4 Rd1 38.Bxb7 Qe6 39.Qc3+ Kh7 40.Qc7+ Rd7 41.Qc6 Qxg4+ 42.Kh2 Rdf7
43.Bxa6 Rf6 44.Qe4 Qd7 45.Qb7 Qxb7 46.Bxb7 Rb8 47.Be4 Kg8 48.Bd4 Ra6 49.Bb6 Raxb6
50.axb6 Rxb6 51.Kh3 Kg7 52.Kg4 Kf6 53.Kxf4 Rb4 54.Ke3 g5 55.hxg5+ hxg5 56.Bd3 Rb8
57.Nd2 Ke5 58.Kf3 Rf8+ 59.Kg3 Rf4 60.Ne4 Kf5 61.c4 Rg4+ 62.Kf3 Rh4 63.c5 Rh6
64.Nd6+ Ke6 65.Kg4 Rh2 66.Ne4 Rg2+ 67.Kf3 Rg1 68.c6 Ke5 69.Ng3 Rc1 70.Be4 Rc5
71.Kg4 Kf6 72.f3 Kg7 73.Nf5+ Kf6 74.Nd6 Ke5 75.Ne8 Ke6 76.Bf5+ Ke7 77.c7  1-0

[Event "29th Metz Open A"]
[Site "Longeville-les-Metz FRA"]
[Date "2011.05.05"]
[Round "6.19"]
[White "Carrillo,J"]
[Black "Colson,A"]
[Result "1/2-1/2"]
[WhiteElo "2118"]
[BlackElo "2157"]

1.e4 c5 2.Nf3 e6 3.d4 cxd4 4.Nxd4 a6 5.Bd3 Bc5 6.Nb3 Ba7 7.Nc3 Nc6 8.Qe2 d6
9.Be3 Nge7 10.O-O b5 11.a3 O-O 12.Rad1 Bxe3 13.Qxe3 Qc7 14.f4 Bb7 15.Ne2 Rac8
16.Kh1 b4 17.a4 Rfe8 18.Qh3 e5 19.f5 f6 20.Bc4+ Kh8 21.Be6 Rb8 22.Rf3 h6
23.Qh5 Na5 24.Nxa5 Qxa5 25.Rg3 Qxa4 26.Qf7 Rg8 27.Qxe7 Qxc2 28.Rg1 Bxe4 29.Bxg8 Rxg8
30.Nc1 Qxb2 31.Qxd6 a5 32.Nb3 a4 33.Nc5 Bc2 34.Nd7 Qd4 35.Qe7 e4 36.Nf8 a3
37.Rg6 Qe3 38.Ne6 a2 39.Rxg7 Qxg1+ 40.Kxg1 a1=Q+ 41.Kf2 e3+ 42.Kxe3 Qe5+
43.Kd2 Qc3+ 44.Ke2 Bd3+ 45.Kf2 Qd2+ 46.Kg3 Qe1+ 47.Kh3 Bxf5+ 48.g4 Qe3+ 49.Kh4 Qf2+
50.Kh3 Qf3+ 51.Kh4 Qf2+ 52.Kh3 Qf3+ 53.Kh4 Qf2+ 54.Kh3 Qf3+ 55.Kh4 Qf2+ 56.Kh3 Qf3+  1/2-1/2

[Event "7th WSCC U17 Open"]
[Site "Krakow POL"]
[Date "2011.05.06"]
[Round "6.3"]
[White "Lewicki,Mir"]
[Black "Topak,E"]
[Result "1-0"]
[WhiteElo "2138"]
[BlackElo "2308"]

1.e4 c5 2.Nf3 e6 3.d4 cxd4 4.Nxd4 a6 5.Bd3 Qc7 6.O-O Nf6 7.Be3 Nc6 8.Nd2 Ne5
9.Be2 b5 10.a4 b4 11.f4 Nc6 12.Bf3 Bb7 13.e5 Nxd4 14.Bxd4 Nd5 15.Ne4 Be7
16.f5 Qb8 17.c4 bxc3 18.bxc3 Bc6 19.Rb1 Qc8 20.f6 gxf6 21.exf6 Bf8 22.Bh5 Qc7
23.Ng5 O-O-O 24.Qd3 Bb7 25.Rxb7 Qxb7 26.Bf3 Qc6 27.Rb1 Bc5 28.Nxf7 Qc7 29.Qxa6+  1-0

[Event "Ostravsky Konik A"]
[Site "Ostrava CZE"]
[Date "2011.05.08"]
[Round "9"]
[White "Hladik,L"]
[Black "Gil,K"]
[Result "1-0"]
[WhiteElo "2047"]
[BlackElo "1950"]

1.e4 c5 2.Nf3 e6 3.d4 cxd4 4.Nxd4 a6 5.Bd3 Bc5 6.Nb3 Be7 7.O-O d6 8.Nc3 Nf6
9.f4 Qc7 10.e5 dxe5 11.fxe5 Qxe5 12.Bf4 Qh5 13.Be2 Qh4 14.g3 Qh3 15.Ne4 e5
16.Ng5 Qd7 17.Bxe5 Nc6 18.Bxf6 Bxf6 19.Ne4 Be5 20.Bd3 Qg4 21.Qd2 Nd4 22.Qb4 Nf3+
23.Rxf3 Qxf3 24.Rf1 Qe3+ 25.Kg2 Qh6 26.Re1 Bh3+ 27.Kg1 O-O-O 28.Nec5 Qc6
29.Be4 Qb5 30.Bxb7+ Kb8 31.Nxa6+  1-0

[Event "TCh-SVK Extraliga 2010-11"]
[Site "Slovakia SVK"]
[Date "2011.05.08"]
[Round "11"]
[White "Manik,M"]
[Black "Ponizil,C"]
[Result "1/2-1/2"]
[WhiteElo "2389"]
[BlackElo "2398"]

1.e4 c5 2.Nf3 e6 3.d4 cxd4 4.Nxd4 a6 5.Bd3 Bc5 6.Nb3 Be7 7.Be3 d6 8.N1d2 Nd7
9.f4 Qc7 10.Qg4 g6 11.O-O-O b6 12.Kb1 Ngf6 13.Qe2 Bb7 14.g4 Nc5 15.Nxc5 bxc5
16.g5 Nh5 17.c4 O-O 18.Rhf1  1/2-1/2

[Event "ch-Asian Individual w"]
[Site "Mashhad IRI"]
[Date "2011.05.10"]
[Round "9.7"]
[White "Muminova,N"]
[Black "Swathi,G"]
[Result "1-0"]
[WhiteElo "2357"]
[BlackElo "2307"]

1.e4 c5 2.Nf3 e6 3.d4 cxd4 4.Nxd4 a6 5.Bd3 Bc5 6.Nb3 Be7 7.Qg4 g6 8.Qe2 d6
9.Nc3 Qc7 10.Be3 Nd7 11.f4 b6 12.O-O-O Bb7 13.f5 gxf5 14.exf5 e5 15.Be4 Ngf6
16.Bxb7 Qxb7 17.g4 h6 18.h4 Rc8 19.Bd2 b5 20.a3 Nb6 21.Rhg1 Nfd5 22.g5 Qc7
23.f6 Bf8 24.Rg3 Qc4 25.Qxc4 Rxc4 26.Nxd5 Nxd5 27.Ba5 Nf4 28.Re3 hxg5 29.hxg5 Rh3
30.Rxe5+ Ne6 31.Re2 Rxb3 32.c3 Rg4 33.Kc2 Rxa3 34.bxa3 Rxg5 35.Bb4 Kd7 36.Bxd6  1-0

[Event "ch-CZE"]
[Site "Pardubice CZE"]
[Date "2011.05.13"]
[Round "2"]
[White "Krejci,Jan2"]
[Black "Mirumian,V"]
[Result "1-0"]
[WhiteElo "2489"]
[BlackElo "2513"]

1.e4 c5 2.Nf3 e6 3.d4 cxd4 4.Nxd4 a6 5.Bd3 Qb6 6.Nb3 d6 7.a4 Qc7 8.a5 Bd7
9.O-O Nf6 10.Be3 Bc6 11.Nc3 Nbd7 12.Nd4 Nc5 13.Nxc6 Qxc6 14.f3 Be7 15.Be2 O-O
16.Qd4 Rac8 17.Rfc1 Rfd8 18.b4 Ncd7 19.Na4 Ne8 20.Ra2 Bf6 21.Qd2 d5 22.exd5 exd5
23.Nb6 d4 24.Nxd7 dxe3 25.Nxf6+ Nxf6 26.Qxe3 Nd5 27.Qf2 Nc3 28.Raa1 Rd2 29.Re1 Qf6
30.Rac1 Qf4 31.g3 Qxb4 32.Qe3 Nd5 33.Qa7 g6 34.Rb1 Qxa5 35.Rxb7 Rdxc2 36.Kf1 Rc1
37.Rxc1 Rxc1+ 38.Kg2 Rc7  1-0

[Event "Sten Open"]
[Site "Hradec Kralove CZE"]
[Date "2011.05.14"]
[Round "8"]
[White "Cizinsky,P"]
[Black "Braun,Mare"]
[Result "0-1"]
[WhiteElo "2158"]
[BlackElo "2124"]

1.e4 c5 2.Nf3 e6 3.d4 cxd4 4.Nxd4 a6 5.Bd3 Bc5 6.Nb3 Be7 7.Qg4 g6 8.Qe2 Nc6
9.Nc3 d6 10.O-O Qc7 11.Kh1 b6 12.f4 Nf6 13.e5 Nd7 14.exd6 Qxd6 15.Ne4 Qc7
16.Bd2 h6 17.Rae1 Bb7 18.Bc3 Rg8 19.Bc4 Nb4 20.Bxb4 Bxb4 21.Rd1 Be7 22.Nd4 Nc5
23.Nxc5 bxc5 24.Nf3 Bc8 25.Ne5 Kf8 26.Rf3 Kg7 27.f5 Bf6 28.Nxf7 Qxf7 29.Bxe6 Qe7
30.Re3 Re8 31.Qg4 Bg5 32.h4 gxf5 33.Qxf5 Qf6 34.Qxf6+ Bxf6 35.Rg3+ Kh7 36.Bd5 Ra7
37.h5 Rg7 38.Rxg7+ Kxg7 39.Bf3 Rd8 40.Re1 Bf5 41.c3 Rd2 42.Re8 Rxb2 43.Bd5 Bxc3
44.g4 Bb1 45.a3 Bd4 46.Re6 a5 47.Ra6 Rd2 48.Rxa5 Kf6 49.Ra8 Kg5 50.Bf3 Kf4  0-1

[Event "TCh-HUN 2010-11"]
[Site "Budapest HUN"]
[Date "2011.05.15"]
[Round "11"]
[White "Feher,G"]
[Black "Fogarasi,T"]
[Result "1/2-1/2"]
[WhiteElo "2343"]
[BlackElo "2420"]

1.e4 c5 2.Nf3 e6 3.d4 cxd4 4.Nxd4 a6 5.Bd3 d5 6.exd5 Qxd5 7.O-O Nd7 8.Be2 Bc5
9.Be3 Ngf6 10.c4 Qe5 11.Nc3 O-O 12.a3 Qc7 13.b4 Be7 14.c5 Rd8 15.Qb3 Ne5
16.h3 Ng6 17.Rad1 Bd7 18.f4 e5 19.fxe5 Qxe5 20.Bf2 Nf4 21.Bg3 Qe3+ 22.Bf2 Nxe2+
23.Ndxe2 Qg5 24.Nd5 Nxd5 25.Qxd5 Qxd5 26.Rxd5 Bb5 27.Rxd8+ Rxd8 28.Re1 Bf6
29.Ng3 Re8 30.Ne4 Bb2 31.Nd6 Rxe1+ 32.Bxe1 Bc6 33.a4 Ba3 34.Nc4 Bc1 35.Nd6 Bxa4
36.Nxb7 Kf8 37.Nd6 Ke7 38.Kf2 Ke6 39.Nc4 Bg5 40.Bc3 g6 41.g3 Bb5 42.Nd6 Bc6
43.Ke2 f5 44.h4 Bd8 45.Ke3 g5 46.hxg5 Bxg5+ 47.Ke2 f4 48.Kf2 h5 49.Nc4 h4
50.gxh4 Bxh4+ 51.Kg1 Bd5 52.Nb2 Kf5 53.Nd3 Ke4 54.Nf2+ Kf3 55.Bd4 Bc6 56.Kf1 Bd7
57.Ke1 Kg2 58.Ke2 Bb5+ 59.Ke1 Kf3 60.c6 Bxc6 61.Bc5 Bb5 62.Bd4 Be7 63.Bc3 Bc4
64.Nd1 Bb5 65.Nf2 Bf8 66.Nh3 Ke4 67.Bd2 Bd6 68.Nxf4 Bxf4 69.Bxf4 Kxf4 70.Kd2 Ke4
71.Kc3 Ke3 72.Kc2 Kd4 73.Kb3 Kd3 74.Kb2 Kd2 75.Kb1 Kc3 76.Ka2  1/2-1/2